[Event "Politiken"]
[Site "Copenhagen DEN"]
[Date "1996.06.24"]
[Round "3"]
[White "Hartung Nielsen, J"]
[Black "Hansen, Mo"]
[Result "1-0"]
[WhiteElo "2260"]
[BlackElo "2085"]

1. d4 d5 2. c4 e6 3. Nc3 Nf6 4. cxd5 exd5 5. Bg5 Be7 6. e3 O-O 7. Qc2 c6 8.
Bd3 Nbd7 9. Nge2 Re8 10. O-O Nf8 11. Rad1 Ng4 12. Bxe7 Qxe7 13. h3 Nf6 14.
Ng3 g6 15. Rfe1 Ne6 16. f3 Qf8 17. Qf2 Qh6 18. Bf1 Bd7 19. e4 Nf4 20. e5
N6h5 21. Nce2 Qg5 22. Kh2 Qh4 23. Qe3 Nxg3 24. Qxf4 Qxf4 25. Nxf4 Nf5 26.
g4 Ng7 27. Ng2 h5 28. Kg3 g5 29. f4 gxf4+ 30. Nxf4 hxg4 31. hxg4 Kf8 32.
Bg2 Ke7 33. Rh1 Rh8 34. Bxd5 cxd5 35. Nxd5+ Ke6 36. Nc7+ Ke7 37. Nxa8 Rxa8
38. Rh7 Rg8 39. d5 Nh5+ 40. Kh4 Nf4 41. e6 Nxe6 42. dxe6 Bxe6 43. g5 Bxa2
44. Ra1 Bd5 45. Rxa7 Kd6 46. Rh6+ Rg6 47. Ra3 Kc5 48. Rxg6 fxg6 49. Kg4 Kd4
50. Kf4 Bc4 51. Re3 b5 52. Rh3 b4 53. Re3 Bd3 54. Re8 Kc4 55. Ke3 Bf5 56.
Rf8 Bb1 57. Kd2 Kb3 58. Rf4 Ka4 59. Rf1 Be4 60. Ke3 Bc2 61. Kd4 Kb5 62. Rc1
Bb3 63. Ke5 Bc4 64. Kd6 Bd3 65. Rc5+ Kb6 66. Re5 Bc4 67. Ke7 Bd3 68. Kf7 b3
69. Re3 Bc2 70. Rc3 Kb5 71. Ke6 Kb4 72. Kd5 Bb1 73. Rc8 Bd3 74. Rb8+ Ka4
75. Kc5 Ka5 76. Ra8+ Ba6 77. Ra7 1-0

[Event "Politiken"]
[Site "Copenhagen DEN"]
[Date "1996.06.24"]
[Round "3"]
[White "Krasenkow, M"]
[Black "Schandorff, L"]
[Result "1/2-1/2"]
[WhiteElo "2610"]
[BlackElo "2485"]

1. d4 d5 2. c4 c6 3. Nc3 Nf6 4. e3 e6 5. Nf3 Nbd7 6. Bd3 dxc4 7. Bxc4 b5 8.
Bd3 Bb7 9. O-O a6 10. e4 c5 11. d5 c4 12. Bc2 Qc7 13. dxe6 fxe6 14. Nd4 Nc5
15. Be3 O-O-O 16. Qe2 e5 17. Nf3 Ne6 18. Nd5 Nxd5 19. exd5 Bxd5 20. a4 b4
21. Rad1 g6 22. Rxd5 Rxd5 23. Be4 Rd8 24. Rc1 Kb8 25. g3 Bc5 26. Rxc4 Qd6
27. Bxc5 Nxc5 28. Rxc5 Qxc5 29. Qxa6 Kc7 30. Ng5 Kd7 31. Qe6+ Kc7 32. Qa6
Kd7 33. Qb7+ Kd6 34. Nf7+ Ke6 35. Nxd8+ Rxd8 36. Qxh7 Rf8 37. Qxg6+ Ke7 38.
Qg5+ Rf6 39. Qg7+ Rf7 40. Qg5+ Rf6 41. Qd2 Rd6 42. Qe2 Qc1+ 43. Kg2 Rd2 44.
Qh5 Qxb2 45. Qg5+ Ke6 46. Qf5+ Ke7 47. Qg5+ Ke6 48. Qf5+ Ke7 49. h4 Qd4 50.
a5 b3 51. a6 b2 52. Qh7+ Kd6 53. a7 b1=Q 54. Bxb1 Qxf2+ 55. Kh3 Qg2+ 56.
Kg4 Rd4+ 57. Kh5 Qf3+ 58. Kh6 Qxg3 59. h5 Qe3+ 60. Kg7 Qg5+ 61. Qg6+ Qxg6+
62. hxg6 Ra4 63. Be4 Rxa7+ 64. Kf6 Rc7 65. g7 1/2-1/2

[Event "Politiken"]
[Site "Copenhagen DEN"]
[Date "1996.06.24"]
[Round "3"]
[White "Sher, M"]
[Black "Ostergaard, J"]
[Result "1/2-1/2"]
[WhiteElo "2500"]
[BlackElo "2300"]

1. e4 c6 2. c4 e5 3. Nf3 d6 4. d4 Nd7 5. Nc3 Ngf6 6. Be2 g6 7. O-O Bg7 8.
Qc2 O-O 9. Be3 Ng4 10. Bg5 f6 11. Bd2 Nh6 12. Rad1 Qe7 13. b4 Nf7 14. Be3
Bh6 15. Bxh6 Nxh6 16. Qd2 Nf7 17. a3 Rd8 18. Ne1 a5 19. Nc2 Nf8 20. f4 Ne6
21. g3 Ng7 22. Qe3 axb4 23. axb4 Be6 24. Rd2 c5 25. fxe5 fxe5 26. bxc5 exd4
27. Nxd4 dxc5 28. Nxe6 Nxe6 29. Bg4 Rxd2 30. Qxd2 Nd4 31. Nd5 Qe5 32. Qf2
Nd6 33. Nf6+ Kh8 34. Nd7 Qg5 35. e5 Ne4 36. Qf4 Qxf4 37. gxf4 h5 38. Bh3
Nd2 39. Rf2 Nxc4 40. Nxc5 Ne3 41. Bf1 Ra1 42. h3 Nxf1 43. Rxf1 Ne2+ 44. Kf2
Rxf1+ 45. Kxf1 Nxf4 46. Nxb7 Nxh3 47. Ke2 Kg7 48. Ke3 Kf7 49. Nc5 Ng5 50.
Nd3 Ne6 51. Ke4 Ke7 52. Nb4 h4 53. Nd5+ Kf7 54. Kf3 Ng5+ 55. Kg4 h3 56. Kg3
Ke6 57. Nf4+ Kf5 58. Nxh3 1/2-1/2

[Event "Politiken"]
[Site "Copenhagen DEN"]
[Date "1996.06.24"]
[Round "3"]
[White "Hansen, LB"]
[Black "Olsen, H"]
[Result "0-1"]
[WhiteElo "2565"]
[BlackElo "2325"]

1. Nf3 Nf6 2. g3 g6 3. b3 Bg7 4. Bb2 O-O 5. Bg2 d6 6. d4 e5 7. dxe5 Nfd7 8.
Nc3 dxe5 9. Qd2 Re8 10. O-O-O e4 11. Ng5 e3 12. Qd5 Qe7 13. Nb5 Bxb2+ 14.
Kxb2 Na6 15. f4 h6 16. Ne4 c6 17. Qd4 cxb5 18. Nd6 Rd8 19. Bd5 Nf6 20.
Bxf7+ Kg7 21. Ne8+ Rxe8 22. Bxe8 Qxe8 23. Rd3 Qe4 24. Qxe4 Nxe4 25. Rxe3
Nac5 26. Rd1 Bf5 27. Rd4 h5 28. a4 a6 29. axb5 axb5 30. Rb4 Rd8 31. Rxb5
Rd2 32. Kc1 Rd5 33. Kb2 Kf7 34. Ra5 b6 35. Ra8 Rd2 36. Kc1 Rd6 37. Kb2 Rc6
38. Ra7+ Kf6 39. Ra8 Ne6 40. Rb8 Nd4 41. c3 Nb5 42. c4 Nbd6 43. Rd3 Nc5 44.
Rd1 Bg4 45. Rf8+ Ke7 46. Rg8 Bxe2 47. Ra1 Nc8 48. Kc3 Kf7 49. Rh8 Bg4 50.
Ra8 Ne4+ 51. Kb4 Rc5 52. Rb8 Kg7 53. Re8 Ned6 54. Re5 Rxe5 55. fxe5 Nf7 56.
Rb7 Kf8 57. c5 bxc5+ 58. Kxc5 Nxe5 59. Rc7 Nd7+ 60. Kd4 Ncb6 61. Rc6 Kf7
62. b4 Be6 63. Rc1 Kf6 64. Re1 Bf5 65. h4 Be6 66. Rf1+ Ke7 67. Ra1 Kd6 68.
Ra6 Bd5 69. Ra7 Nb8 70. Rg7 Nc6+ 71. Ke3 Ne7 72. Kf4 Be6 73. Kg5 Bf5 74.
Rh7 Nbd5 75. b5 Kc5 76. Rh8 Kxb5 77. Rb8+ Kc4 78. Rb2 Kd4 79. Re2 Ne3 80.
Kf4 N7d5+ 81. Kg5 Ke4 82. Rf2 Ng4 83. Rf1 Nh2 84. Rf2 Nf3+ 85. Kh6 Ke3 86.
Ra2 Nf6 87. Ra6 Ng4+ 88. Kg7 Nfe5 89. Ra3+ Kf2 90. Rb3 Be4 91. Ra3 Bf3 0-1

[Event "Politiken"]
[Site "Copenhagen DEN"]
[Date "1996.06.24"]
[Round "3"]
[White "Mortensen, E"]
[Black "Hjartarson, J"]
[Result "1-0"]
[WhiteElo "2430"]
[BlackElo "2570"]

1. e4 e5 2. Nf3 Nc6 3. Bb5 a6 4. Ba4 Nf6 5. O-O Be7 6. Re1 b5 7. Bb3 O-O 8.
d3 d6 9. c3 Na5 10. Bc2 c5 11. Nbd2 Re8 12. Nf1 h6 13. d4 Qc7 14. Ne3 Bf8
15. d5 c4 16. b4 cxb3 17. axb3 Nb7 18. Bd2 Nc5 19. Qb1 Bg4 20. b4 Ncd7 21.
Nxg4 Nxg4 22. h3 Ngf6 23. Bd3 Nb6 24. Be3 Nbxd5 25. exd5 e4 26. Bd4 exf3
27. Rxe8 Rxe8 28. Rxa6 fxg2 29. Bxb5 Qc8 30. Kxg2 Nh5 31. Be3 Re5 32. Be2
Qxc3 33. Rc6 Qa3 34. Bxh5 Rxh5 35. b5 Rxd5 36. b6 Qa6 37. Rc7 Rb5 38. Qe4
Qa5 39. Ra7 Qe1 40. Qf3 Rb1 41. Qxf7+ Kh7 42. Qf5+ Kg8 43. Qd5+ Kh8 44. Kg3
Qg1+ 45. Qg2 Kg8 46. Qxg1 Rxg1+ 47. Kf3 Rb1 48. Rd7 1-0

[Event "Politiken"]
[Site "Copenhagen DEN"]
[Date "1996.06.24"]
[Round "3"]
[White "Hammes, F"]
[Black "Ksieski, Z"]
[Result "1/2-1/2"]
[WhiteElo "2190"]
[BlackElo "2400"]

1. c4 c5 2. Nf3 Nc6 3. g3 e5 4. d3 g6 5. Bg2 Bg7 6. O-O Nge7 7. Nc3 a6 8.
Ne4 d6 9. Bg5 h6 10. Bf6 O-O 11. a3 Bxf6 12. Nxf6+ Kg7 13. Nd5 Be6 14. Nd2
Rb8 15. Rb1 b5 16. b4 bxc4 17. dxc4 cxb4 18. axb4 Bxd5 19. cxd5 Nxb4 20.
Qa4 Qb6 21. Rfc1 Qb5 22. Qxb5 Rxb5 23. e4 Rc8 24. Rxc8 Nxc8 25. Bh3 f5 26.
exf5 gxf5 27. Bxf5 Ne7 28. Be6 Nbxd5 29. Rxb5 axb5 30. Bxd5 Nxd5 31. Ne4 b4
32. Nxd6 b3 33. Nc4 e4 34. Kf1 Nb6 35. Nb2 Kf6 36. Ke2 Ke5 37. h3 Kd4 38.
g4 Nc4 39. Nxc4 Kxc4 40. Kd2 Kd4 41. h4 Ke5 42. Kc3 Kf4 43. g5 hxg5 44.
hxg5 Kxg5 45. Kxb3 Kf4 46. Kc3 Kf3 47. Kd4 Kxf2 48. Kxe4 1/2-1/2

[Event "Politiken"]
[Site "Copenhagen DEN"]
[Date "1996.06.24"]
[Round "3"]
[White "Matthiesen, A"]
[Black "Pedersen, D"]
[Result "1/2-1/2"]
[WhiteElo "2255"]
[BlackElo "2250"]

1. d4 d5 2. c4 c6 3. Nf3 dxc4 4. e3 b5 5. a4 e6 6. axb5 cxb5 7. b3 Bb4+ 8.
Bd2 Bxd2+ 9. Nbxd2 a5 10. bxc4 b4 11. Ne5 Nf6 12. Qa4+ Bd7 13. Nxd7 Nbxd7
14. Be2 O-O 15. Bf3 Ra7 16. O-O Qc7 17. c5 Nd5 18. Ne4 Rb8 19. Qb3 h6 20.
g3 Qc6 1/2-1/2

[Event "Politiken"]
[Site "Copenhagen DEN"]
[Date "1996.06.24"]
[Round "3"]
[White "Nielsen, CJ"]
[Black "Nouro, M"]
[Result "0-1"]
[WhiteElo "2080"]
[BlackElo "2275"]

1. d4 Nf6 2. c4 g6 3. Nc3 Bg7 4. e4 d6 5. Bd3 O-O 6. Nge2 e5 7. d5 a5 8.
O-O Na6 9. Bg5 h6 10. Bh4 Qe8 11. Bc2 Nd7 12. Nc1 f5 13. exf5 gxf5 14. f4
Nb6 15. Bd3 Nc5 16. Be2 exf4 17. Bh5 Qe5 18. N1e2 Nxc4 19. Rxf4 Nxb2 20.
Qc2 Nbd3 21. Rf3 f4 22. g4 fxg3 23. Rxf8+ Bxf8 24. Nxg3 0-1

[Event "Politiken"]
[Site "Copenhagen DEN"]
[Date "1996.06.24"]
[Round "3"]
[White "Djurhuus, R"]
[Black "Thorfinnsson, Bj"]
[Result "1-0"]
[WhiteElo "2505"]
[BlackElo "2060"]

1. e4 e5 2. Nf3 Nc6 3. Bb5 a6 4. Ba4 Nf6 5. O-O b5 6. Bb3 Bb7 7. Re1 Bc5 8.
c3 d6 9. d4 Bb6 10. Be3 h6 11. h3 O-O 12. Nbd2 Qe7 13. Nh4 Qd7 14. Nf5 Kh7
15. Qf3 Ne7 16. Nxh6 gxh6 17. Qxf6 Ng8 18. Qh4 Qe7 19. Qh5 exd4 20. cxd4
Qf6 21. e5 Qg6 22. Qxg6+ fxg6 23. Rac1 d5 24. f4 Ne7 25. g4 Bc8 26. Kg2 Be6
27. Nf3 Rac8 28. Kg3 Kg7 29. Bc2 c6 30. Bd3 Rc7 31. Rf1 Rfc8 32. Nh4 c5 33.
dxc5 Bxc5 34. Rxc5 Rxc5 35. Bxc5 Rxc5 36. f5 1-0

[Event "Politiken"]
[Site "Copenhagen DEN"]
[Date "1996.06.24"]
[Round "3"]
[White "Andersson, C"]
[Black "Varberg, K"]
[Result "0-1"]
[WhiteElo "2040"]
[BlackElo "2230"]

1. e4 c6 2. d4 d5 3. exd5 cxd5 4. c4 e6 5. cxd5 exd5 6. Nc3 Nf6 7. Bg5 Bb4
8. Qe2+ Kf8 9. Nf3 Qa5 10. Qc2 Ne4 11. Bd2 Nxd2 12. Nxd2 Nc6 13. Nb3 Qb6
14. O-O-O Bxc3 15. Qxc3 Be6 16. Qc5+ Qxc5+ 17. dxc5 Rc8 18. Kb1 Ke7 19. Bb5
Rhd8 20. Rhe1 Kf6 21. Bxc6 Rxc6 22. Rd4 Rdc8 23. Rf4+ Bf5+ 24. Ka1 g5 25.
Rd4 Be6 26. f4 b6 27. fxg5+ Kxg5 28. cxb6 axb6 29. Rf1 Rc2 30. h4+ Kg6 31.
g4 R8c4 32. g5 Rh2 33. Rf6+ Kg7 34. a3 Rxh4 35. Rd1 Rhg4 36. Rdf1 Rxg5 37.
R6f3 Rg2 38. Nc1 Rcg4 39. Nd3 Rg1 40. Rxg1 Rxg1+ 41. Ka2 d4+ 42. b3 Rg2+
43. Nb2 h5 44. a4 h4 45. Ka3 Rg3 46. Rd3 Rxd3 47. Nxd3 h3 48. Nf2 h2 49. b4
Bd5 50. a5 bxa5 51. bxa5 h1=Q 52. Nxh1 Bxh1 53. Kb4 Kf6 54. Kc4 Ke5 55. a6
Ba8 56. Kd3 f5 57. Kd2 Ke4 58. Kc2 d3+ 59. Kd2 Kd4 60. a7 f4 61. Ke1 Ke3
62. Kf1 d2 0-1

[Event "Politiken"]
[Site "Copenhagen DEN"]
[Date "1996.06.24"]
[Round "3"]
[White "Thorfinnsson, B"]
[Black "Hartman, C"]
[Result "0-1"]
[WhiteElo "2155"]
[BlackElo "2370"]

1. d4 d5 2. Nf3 Nf6 3. Bf4 e6 4. e3 c5 5. Nbd2 Nc6 6. c3 Bd6 7. Bg3 Qe7 8.
Bb5 O-O 9. O-O Bd7 10. Re1 Nxd4 11. exd4 Bxb5 12. Bh4 Qc7 13. Ne5 Nd7 14.
a4 cxd4 15. cxd4 Bxe5 16. dxe5 Bd3 17. Be7 Rfc8 18. Bd6 Qc2 19. b4 Qxd1 20.
Rexd1 Rc3 21. Nf3 Rac8 22. Re1 a6 23. h3 Nb6 24. Bc5 Nc4 25. Rac1 Rxc1 26.
Rxc1 Be4 27. Bd4 Bxf3 28. gxf3 Kf8 29. f4 Ke7 30. Rc3 Kd7 31. Kf1 Nd2+ 32.
Ke2 Rxc3 33. Bxc3 Nc4 34. Bd4 Kc6 35. Kd3 Nb6 36. a5 Nd7 37. Kc3 Kb5 38.
Ba7 Nf8 39. Kb3 Ng6 40. Be3 Ne7 41. Bd2 Nf5 42. Bc3 Nh4 43. Bd4 Nf3 44. Bc5
Nd2+ 45. Kc2 Ne4 46. Bb6 Kc4 47. f3 Nc3 48. Bc5 Na2 0-1

[Event "Politiken"]
[Site "Copenhagen DEN"]
[Date "1996.06.24"]
[Round "3"]
[White "Borge, N"]
[Black "Tukmakov, V"]
[Result "1/2-1/2"]
[WhiteElo "2455"]
[BlackElo "2595"]

1. e4 c5 2. Nf3 d6 3. d4 cxd4 4. Nxd4 Nf6 5. Nc3 Nc6 6. Bg5 e6 7. Qd2 a6 8.
O-O-O h6 9. Be3 Qc7 10. f3 Rb8 11. Kb1 Bd7 12. h4 Ne5 13. Qe1 b5 14. Bc1 b4
15. Nce2 d5 16. exd5 Nxd5 17. Nf4 Nf6 18. g4 Bd6 19. Rh3 Nc4 20. Bxc4 Bxf4
21. g5 hxg5 22. Bxe6 fxe6 23. hxg5 Rxh3 24. Nxe6 Qe5 25. Nxf4 Qxe1 26.
Rxe1+ Kf7 27. Nxh3 Bxh3 28. gxf6 1/2-1/2

[Event "Politiken"]
[Site "Copenhagen DEN"]
[Date "1996.06.24"]
[Round "3"]
[White "Dongart, D"]
[Black "Hellstrom, A"]
[Result "0-1"]
[WhiteElo "2155"]
[BlackElo "2245"]

1. e4 c6 2. d4 d5 3. Nc3 dxe4 4. Nxe4 Bf5 5. Ng3 Bg6 6. Nf3 Nd7 7. Bd3 e6
8. O-O Ngf6 9. c4 Be7 10. b3 O-O 11. Bxg6 hxg6 12. Bb2 c5 13. Qe2 cxd4 14.
Nxd4 a5 15. Ne4 Nxe4 16. Qxe4 Nc5 17. Qc2 Bf6 18. Rad1 Qb6 19. Nb5 Rfd8 20.
Bxf6 gxf6 21. h3 f5 22. Kh2 e5 23. Nc3 e4 24. Nd5 Qd6+ 25. Kh1 Qe5 26. Rfe1
Qh8 27. Qc3 Qxc3 28. Nxc3 Nd3 29. Re2 Rd6 30. Red2 Rad8 31. Kg1 Kf8 32. Kf1
Ke7 33. Nd5+ Ke6 34. Ne3 Ke5 35. Nc2 f4 36. g3 g5 37. g4 Rh8 38. Ne1 Rxh3
39. Nxd3+ Rdxd3 40. Kg2 Kd4 41. Kf1 Rh1+ 42. Ke2 f3+ 0-1

[Event "Politiken"]
[Site "Copenhagen DEN"]
[Date "1996.06.24"]
[Round "3"]
[White "Pedersen, NV"]
[Black "Tisdall, J"]
[Result "1/2-1/2"]
[WhiteElo "2290"]
[BlackElo "2510"]

1. e4 c5 2. c3 b6 3. d4 Bb7 4. Bd3 Nf6 5. Nd2 cxd4 6. cxd4 Nc6 7. Ne2 g6 8.
a3 Bg7 9. b4 O-O 10. Bb2 d6 11. O-O e5 12. d5 Ne7 13. Nc4 Rc8 14. Rc1 Bh6
15. f4 Ng4 16. h3 Rxc4 17. Bxc4 Ne3 18. Qd3 Nxf1 19. Rxf1 f6 20. Bc1 Kg7
21. g4 Kh8 22. fxe5 Bxc1 23. exf6 Bb2 24. fxe7 Rxf1+ 25. Kxf1 Qxe7 26. Kg2
Qe5 27. Qf3 Kg7 28. Nf4 Bc8 29. Ne6+ Bxe6 30. dxe6 Qf6 31. a4 Qxf3+ 32.
Kxf3 Kf6 1/2-1/2

[Event "Politiken"]
[Site "Copenhagen DEN"]
[Date "1996.06.24"]
[Round "3"]
[White "Dahl Pedersen, H"]
[Black "Fulgsang, F"]
[Result "1/2-1/2"]
[WhiteElo "2185"]
[BlackElo "2285"]

1. Nf3 c5 2. g3 g6 3. Bg2 Bg7 4. d3 Nc6 5. O-O Nf6 6. e4 O-O 7. Nc3 d6 8.
h3 Rb8 9. Bg5 h6 10. Be3 b5 11. Qd2 Kh7 12. Kh2 b4 13. Ne2 e5 14. Nfg1 Ng8
15. Rfd1 Nge7 16. c3 Qb6 17. d4 bxc3 18. dxc5 dxc5 19. bxc3 Rd8 20. Qc1 Be6
21. Qa3 Rxd1 22. Rxd1 Qb2 23. Bxc5 Qxa3 24. Bxa3 Bxa2 25. Ra1 Bc4 26. Nc1
Bf6 27. Nf3 Rd8 28. Bc5 Rd1 29. Be3 Nc8 30. Nd2 Be6 31. Ncb3 Rxa1 32. Nxa1
a5 33. Bf1 Bg5 34. Bxg5 hxg5 35. Bc4 Bxc4 36. Nxc4 N8a7 37. Nb3 Nb5 38.
Nbxa5 Nxa5 39. Nxa5 Nxc3 40. Nc4 f6 41. f3 Kg7 42. Kg2 Kf7 43. Kf2 Ke6 44.
Ne3 f5 45. exf5+ gxf5 46. Ng2 e4 47. f4 gxf4 48. Nxf4+ Ke5 49. Ke3 Nd1+ 50.
Ke2 Nb2 51. Ng6+ Kf6 52. Nf4 Nc4 53. g4 fxg4 1/2-1/2

[Event "Politiken"]
[Site "Copenhagen DEN"]
[Date "1996.06.24"]
[Round "3"]
[White "Kania, A"]
[Black "Jelling, E"]
[Result "1/2-1/2"]
[WhiteElo "2275"]
[BlackElo "2415"]

1. d4 d5 2. c4 c6 3. Nf3 Nf6 4. Nc3 dxc4 5. a4 Bf5 6. Ne5 e6 7. f3 Bb4 8.
Bg5 h6 9. Bh4 c5 10. dxc5 Qxd1+ 11. Kxd1 O-O 12. e4 Rd8+ 13. Kc2 Bh7 14.
Bxc4 Bxc5 15. Rhd1 Rc8 16. a5 Nc6 17. Nxc6 Rxc6 18. Bb5 Rd6 19. Kb3 a6 20.
Bf1 Rc6 21. Na4 Bd6 22. h3 g5 23. Bf2 Nd7 24. Rac1 Rac8 25. Rxc6 Rxc6 26.
Be3 Kf8 27. Rc1 Rxc1 28. Bxc1 Nc5+ 29. Nxc5 Bxc5 30. Kc4 Bd6 31. b4 f5 32.
exf5 exf5 33. Be3 Bg8+ 34. Kc3 Ke7 35. Bd3 Be6 36. Bd4 Bg3 37. Bc5+ Kd7 38.
Bc4 Bxc4 39. Kxc4 Kc6 40. Bf8 h5 41. Bh6 g4 42. hxg4 fxg4 43. fxg4 hxg4 44.
Bf8 Bf2 45. Be7 Bg1 1/2-1/2

[Event "Politiken"]
[Site "Copenhagen DEN"]
[Date "1996.06.24"]
[Round "3"]
[White "Ligaard, M"]
[Black "Macieja, B"]
[Result "0-1"]
[WhiteElo "2210"]
[BlackElo "2430"]

1. d4 Nf6 2. Nf3 g6 3. c4 Bg7 4. Nc3 d5 5. Bg5 Ne4 6. cxd5 Nxg5 7. Nxg5 e6
8. Qd2 h6 9. Nh3 exd5 10. Nf4 O-O 11. e3 c5 12. dxc5 d4 13. exd4 Qxd4 14.
Qxd4 Bxd4 15. Nfd5 Nc6 16. Be2 Bxc5 17. O-O Rd8 18. Rfd1 Kg7 19. Nc7 Rb8
20. Rxd8 Nxd8 21. Rd1 Ne6 22. Ne8+ Kf8 23. Nd6 Nd4 24. Nxc8 Nxe2+ 25. Nxe2
Rxc8 26. Rd7 Bb6 27. Nc3 Rd8 28. Rxd8+ Bxd8 29. Kf1 Ke7 30. Ke2 Ke6 31. Kd3
Ke5 32. Nd1 h5 33. Ne3 b5 34. b3 Bb6 35. a4 bxa4 36. bxa4 Bxe3 37. Kxe3 Kd5
38. Kd3 Kc5 39. Kc3 g5 40. f3 h4 41. g3 hxg3 42. hxg3 a5 43. f4 gxf4 44.
gxf4 f5 45. Kd3 Kb4 46. Kd4 Kxa4 47. Ke5 Kb5 48. Kxf5 a4 49. Ke6 a3 50. f5
a2 51. f6 a1=Q 52. f7 Qa3 0-1

[Event "Politiken"]
[Site "Copenhagen DEN"]
[Date "1996.06.24"]
[Round "3"]
[White "Christensen, To"]
[Black "Schultz Pedersen, J"]
[Result "1-0"]
[WhiteElo "2405"]
[BlackElo "2215"]

1. Nf3 Nc6 2. d4 e6 3. e4 d5 4. e5 Qd7 5. a3 f6 6. Bd3 Qf7 7. O-O Bd7 8. c4
O-O-O 9. Nc3 Nge7 10. Re1 h6 11. Qc2 fxe5 12. cxd5 Nxd4 13. Nxd4 exd4 14.
dxe6 Bxe6 15. Nb5 Rd7 16. Qa4 a6 17. Nxd4 Bd5 18. Be3 g6 19. b4 Bg7 20. b5
b6 21. bxa6 Nf5 22. Bb5 Nxd4 23. Bxd4 Rd6 24. a7 Kb7 25. Be8 1-0

[Event "Politiken"]
[Site "Copenhagen DEN"]
[Date "1996.06.24"]
[Round "3"]
[White "Hodgson, Ju"]
[Black "Wells, P"]
[Result "1/2-1/2"]
[WhiteElo "2615"]
[BlackElo "2495"]

1. d4 Nf6 2. Bg5 Ne4 3. Bf4 c5 4. f3 Qa5+ 5. c3 Nf6 6. d5 Qb6 7. Bc1 e6 8.
c4 exd5 9. cxd5 c4 10. e3 Bc5 11. Kf2 O-O 12. Bxc4 d6 13. Ne2 Nbd7 14. Nbc3
Ne5 15. Na4 Qb4 16. b3 Nxc4 17. bxc4 Qxc4 18. Nxc5 Qxc5 19. Nf4 Re8 20. Re1
g5 21. Nd3 Qb6 22. Qb3 Qxb3 23. axb3 Nxd5 24. Ra5 Be6 25. e4 Ne7 26. Rxg5+
Ng6 27. f4 f6 28. Rb5 Rac8 29. f5 Rc2+ 30. Kf1 Bd7 31. Rxb7 Bc6 32. Rc7 Nh4
33. Rxc6 Rxc6 34. Nb4 Rxc1 35. Rxc1 Rxe4 36. Nd5 Re5 37. Nxf6+ Kg7 38. Ng4
Rxf5+ 39. Kg1 Rb5 1/2-1/2

[Event "Politiken"]
[Site "Copenhagen DEN"]
[Date "1996.06.24"]
[Round "3"]
[White "Gausel, E"]
[Black "Hvenekilde, J"]
[Result "1-0"]
[WhiteElo "2515"]
[BlackElo "2315"]

1. Nf3 Nf6 2. d4 g6 3. Bf4 Bg7 4. e3 O-O 5. h3 d6 6. Be2 c5 7. c3 b6 8. O-O
Bb7 9. Nbd2 Nbd7 10. a4 a6 11. Bh2 Qc7 12. Qb1 Rad8 13. Rd1 Qc8 14. e4 Qa8
15. d5 Ne8 16. Nc4 Qb8 17. Ne3 Bc8 18. Ra3 Nc7 19. g4 b5 20. axb5 axb5 21.
b4 c4 22. Nd4 Qb6 23. Ra5 Ne5 24. Qc1 Bd7 25. f4 Nd3 26. Bxd3 cxd3 27. Rxd3
e5 28. fxe5 dxe5 29. Nb3 f5 30. Nc5 fxe4 31. Rd1 Bc8 32. Qc2 Rf3 33. Qxe4
Rxh3 34. Rd3 Qf6 35. Qg2 Qh4 36. Ra1 Bh6 37. Nf5 Rxh2 38. Nxh4 Rxg2+ 39.
Nxg2 Bxg4 40. d6 Ne8 41. d7 Nf6 42. Re1 e4 43. Nxe4 Nxe4 44. Rxe4 Rxd7 45.
Rxd7 Bxd7 46. Re7 Bc6 47. Rc7 Be8 48. Kf2 Bg5 49. Ne3 h5 50. c4 bxc4 51.
Nxc4 Bf4 52. Rc5 h4 53. b5 h3 54. b6 h2 55. Kg2 Bd7 56. b7 Bh3+ 57. Kh1 Bf5
58. Nd2 Be6 59. Rc8+ Kg7 60. Rd8 1-0

[Event "Politiken"]
[Site "Copenhagen DEN"]
[Date "1996.06.24"]
[Round "3"]
[White "Sylvan, J"]
[Black "Bogdanovich, G"]
[Result "0-1"]
[WhiteElo "2265"]
[BlackElo "2375"]

1. e4 c5 2. Nf3 Nf6 3. Nc3 Nc6 4. d4 d5 5. exd5 Nxd5 6. Nxd5 Qxd5 7. Be3
cxd4 8. Nxd4 a6 9. Nxc6 Qxc6 10. Qd3 e5 11. Qc4 Bd7 12. Qxc6 Bxc6 13. O-O-O
Be7 14. f3 Rc8 15. Bd3 g6 16. Rhe1 f6 17. h4 b5 18. h5 Kf7 19. Rh1 f5 20.
Rh2 Bf6 21. Rdh1 Ke6 22. hxg6 hxg6 23. a4 Rxh2 24. Rxh2 f4 25. Bf2 g5 26.
Rh7 bxa4 27. Bxa6 Ra8 28. Bc4+ Bd5 29. Bxd5+ Kxd5 30. Rh6 Ke6 31. c4 Rc8
32. c5 Kf5 33. Rh7 e4 34. fxe4+ Kxe4 35. Kc2 Rb8 36. c6 Rxb2+ 37. Kc1 Rb4
38. Ra7 Rc4+ 39. Kd2 Bc3+ 40. Ke2 Be5 41. Bb6 Rc2+ 42. Kf1 Rxc6 43. Rxa4+
Kd3 44. Ra3+ Kc4 45. Ba7 Bc3 46. Ra4+ Bb4 47. Bd4 Re6 48. Bg7 Kb3 49. Ra1
g4 50. Bd4 g3 51. Bg7 Kc2 52. Bd4 Kd3 53. Bg7 Re2 0-1

[Event "Politiken"]
[Site "Copenhagen DEN"]
[Date "1996.06.24"]
[Round "3"]
[White "Kulaots, K"]
[Black "Hillarp Persson, T"]
[Result "1/2-1/2"]
[WhiteElo "2400"]
[BlackElo "2410"]

1. d4 g6 2. e4 Bg7 3. Nf3 d6 4. Bd3 Nf6 5. O-O O-O 6. Re1 Nc6 7. h3 e5 8.
c3 Re8 9. a3 h6 10. b4 Nh5 11. b5 Nb8 12. a4 Qf6 13. Bb2 Nf4 14. c4 Nd7 15.
Bf1 exd4 16. Bxd4 Ne5 17. Nxe5 dxe5 18. Be3 Ne6 19. Nc3 Bf8 20. Nd5 Qd8 21.
Qf3 Kg7 22. Red1 Ng5 23. Qe2 Nxe4 24. Qc2 Nc5 25. Nb6 Qxd1 26. Qxd1 axb6
27. Ra2 f6 28. Qa1 Be6 29. f4 Bd6 30. fxe5 Bxe5 31. Qd1 Ne4 32. Qf3 f5 33.
Bf4 Bd7 34. Bxe5+ Rxe5 35. g4 Rae8 36. a5 bxa5 37. Rxa5 Kg8 38. Ra2 b6 39.
h4 Nd6 40. Rc2 Re1 41. Kf2 fxg4 42. Qxg4 R1e4 43. Qg3 h5 44. Bd3 Rg4 45.
Qh2 Rd4 46. Qg3 Ree4 47. c5 bxc5 48. Rxc5 Rg4 49. Qe3 Ne4+ 50. Bxe4 Rgxe4
1/2-1/2

[Event "Politiken"]
[Site "Copenhagen DEN"]
[Date "1996.06.24"]
[Round "3"]
[White "Hansen, GW"]
[Black "Henrichsen, J"]
[Result "1-0"]
[WhiteElo "2295"]
[BlackElo "2075"]

1. e4 e6 2. d4 d5 3. Nc3 Bb4 4. Bd3 dxe4 5. Bxe4 Nf6 6. Bf3 Nbd7 7. Nge2
O-O 8. O-O c6 9. Bf4 Nb6 10. a3 Bd6 11. Ne4 Bxf4 12. Nxf4 Nbd5 13. Nd3 Nxe4
14. Bxe4 Nf6 15. Nc5 Qd6 16. Bf3 Rd8 17. Qe2 b6 18. Ne4 Nxe4 19. Qxe4 Ba6
20. Rfe1 Rac8 21. c3 Bc4 22. Qe5 Qxe5 23. Rxe5 Rd6 24. g3 Kf8 25. a4 a5 26.
b3 Bxb3 27. Rb1 Bxa4 28. Rxb6 Ra8 29. Rb2 Ra7 30. Rc5 Ke7 31. Ra2 Bb3 32.
Raxa5 Rxa5 33. Rxa5 Bd5 34. Ra7+ Rd7 35. Rxd7+ Kxd7 36. Be2 Kd6 37. f4 c5
38. dxc5+ Kxc5 39. Kf2 Bc4 40. Bh5 f6 41. Ke3 Bd5 42. h4 Kc4 43. Kd2 Be4
44. Be2+ Kc5 45. Ke3 Bd5 46. Bd3 h6 47. Bh7 Kc4 48. Bg8 f5 49. Kd2 Kc5 50.
Bh7 Kc4 51. Bg6 Bf3 52. Bf7 Bd5 53. Bh5 Kc5 54. Be2 Bb3 55. Ba6 Bd5 56. Kd3
Be4+ 57. Ke3 Bd5 58. Be2 Bb3 59. g4 Bc2 60. gxf5 Bxf5 61. Bd3 Bg4 62. Bf1
Bf5 63. Be2 Bh3 64. Ke4 Bf5+ 65. Ke5 Bh3 66. Ba6 h5 67. Be2 Bf5 68. Bxh5
Kc4 69. Bf7 Kxc3 70. Bxe6 Bh7 71. h5 Kd2 72. f5 Ke3 73. f6 gxf6+ 74. Kxf6
Kf4 75. h6 Ke4 76. Kg7 1-0

[Event "Politiken"]
[Site "Copenhagen DEN"]
[Date "1996.06.24"]
[Round "3"]
[White "Andersen, P"]
[Black "Bank, P"]
[Result "0-1"]
[WhiteElo "2070"]
[BlackElo "2230"]

1. e4 g6 2. d4 Bg7 3. Nf3 d6 4. Bc4 a6 5. a4 Nf6 6. Qe2 Nc6 7. O-O Bg4 8.
Rd1 e5 9. c3 O-O 10. Bg5 h6 11. Bh4 Qe8 12. h3 Bxf3 13. Qxf3 g5 14. Bg3
exd4 15. Re1 Nd7 16. Bb3 Nc5 17. Bc2 f5 18. b4 d3 19. Bd1 f4 20. bxc5 Ne5
0-1

[Event "Politiken"]
[Site "Copenhagen DEN"]
[Date "1996.06.25"]
[Round "4"]
[White "Kristensen, L"]
[Black "Bonnez, F"]
[Result "1-0"]
[WhiteElo "2360"]
[BlackElo "2205"]

1. d4 f5 2. Nc3 Nf6 3. Bg5 e6 4. e4 fxe4 5. Nxe4 Be7 6. Ng3 O-O 7. Nf3 Nc6
8. c3 Nd5 9. h4 Bxg5 10. hxg5 Nf4 11. Qc2 Ng6 12. Bd3 Nce7 13. O-O-O Rxf3
14. gxf3 Qf8 15. Rh2 Qxf3 16. Rdh1 d5 17. Rxh7 Nf5 18. Nxf5 exf5 19. Qe2
Qxe2 20. Bxe2 Bd7 21. R7h2 Kf7 22. Bh5 Re8 23. Kd2 Re6 24. Re1 Rb6 25. Kc1
Kf8 26. Bxg6 Rxg6 27. Rh8+ Kf7 28. f4 Ra6 29. Kb1 Bb5 30. Re3 Rd6 31. b3
Bf1 32. Rhe8 Bd3+ 33. Kb2 Be4 34. Rb8 b6 35. Rb7 Rd7 36. Rxa7 Kg6 37. Rh3
Re7 38. a4 Bg2 39. Rh2 Bf3 40. a5 bxa5 41. Ra6+ Kf7 42. Rh8 Re4 43. g6+ Ke7
44. Rg8 1-0

[Event "Politiken"]
[Site "Copenhagen DEN"]
[Date "1996.06.25"]
[Round "4"]
[White "Hjartarson, J"]
[Black "Hansen, GW"]
[Result "1-0"]
[WhiteElo "2570"]
[BlackElo "2295"]

1. e4 g6 2. d4 Bg7 3. Nc3 c6 4. Bc4 b5 5. Bb3 a5 6. a3 Qb6 7. Nf3 e6 8. e5
d5 9. exd6 Nf6 10. O-O O-O 11. Bg5 Nbd7 12. Re1 a4 13. Ba2 b4 14. Ne4 Nxe4
15. Rxe4 Nf6 16. Rf4 Nd5 17. Bxd5 exd5 18. Be7 Re8 19. Ne5 Be6 20. Qf3 bxa3
21. Qxa3 Rxe7 22. dxe7 g5 23. Rf3 Re8 24. Qxa4 Bxe5 25. dxe5 Qxb2 26. Re1
Bd7 27. Rg3 g4 28. Rxg4+ Bxg4 29. Qxg4+ Kh8 30. Qd7 1-0

[Event "Politiken"]
[Site "Copenhagen DEN"]
[Date "1996.06.25"]
[Round "4"]
[White "Koch, W"]
[Black "Lobejko, R"]
[Result "1/2-1/2"]
[WhiteElo "2325"]
[BlackElo "2215"]

1. d4 d6 2. c4 e5 3. Nf3 Nc6 4. Nc3 Bg4 5. d5 Nce7 6. e4 g6 7. Be2 Bg7 8.
Nd2 Bd7 9. b4 a5 10. bxa5 Rxa5 11. Nb3 Ra8 12. c5 Nf6 13. a4 Nc8 14. Ba3
O-O 15. a5 dxc5 16. Nxc5 Nd6 17. Bb4 Bc8 18. O-O Re8 19. Qc2 Bf8 20. f3 Nh5
21. Rfb1 Bh6 22. Nd1 Qh4 23. Nd3 f5 24. Be1 Qe7 25. N3f2 Rf8 26. Bd2 Bxd2
1/2-1/2